00585nam a2200157Ia 4500008004100000041000800041082001500049100003500064245006800099260000800167365001600175700003500191906002900226999001900255952015300274230718s9999 xx 000 0 und d aeng a623.8bIMS aIms Learning Resources9129484 aNautical MilesbA Fun Way To Build Vocabulary For Various Tests bIms cRs.b250.00 aIms Learning Resources9129484 dB:26724-Apr-2008cITb50 c318863d318863 00104070aCCEPbCCEPd2008-06-26eOm Book StallfITg200.00i267l0o623.8pCCEP-BK-30070r2023-07-18 00:00:00t50v250.00w2008-04-24yBKz030070